Steel & its Heat Treatment (Record no. 35687)
[ view plain ]
| 000 -LEADER | |
|---|---|
| fixed length control field | 00288nam a2200133Ia 4500 |
| 082 ## - DEWEY DECIMAL CLASSIFICATION NUMBER | |
| Classification number | 672.36 |
| 100 ## - MAIN ENTRY--PERSONAL NAME | |
| Personal name | Thelning/K.E |
| 245 ## - TITLE STATEMENT | |
| Title | Steel & its Heat Treatment |
| 260 ## - PUBLICATION, DISTRIBUTION, ETC. | |
| Name of publisher, distributor, etc. | Butterworths |
| Place of publication, distribution, etc. | London |
| Date of publication, distribution, etc. | 1978 |
| 300 ## - PHYSICAL DESCRIPTION | |
| Extent | 570 |
| 546 ## - LANGUAGE NOTE | |
| Language note | ENGLISH |
| 654 ## - SUBJECT ADDED ENTRY--FACETED TOPICAL TERMS | |
| Focus term | Heat treatment |
| 942 ## - ADDED ENTRY ELEMENTS (KOHA) | |
| Koha item type | BOOK |
| Withdrawn status | Lost status | Damaged status | Not for loan | Collection | Home library | Current library | Date acquired | Cost, normal purchase price | Inventory number | Total Checkouts | Full call number | Barcode | Date last seen | Cost, replacement price | Price effective from | Koha item type | Shelving location | Source of acquisition |
|---|---|---|---|---|---|---|---|---|---|---|---|---|---|---|---|---|---|---|
| AFT | Fr. Agnel's C.Rodrigues College of Engineering | Fr. Agnel's C.Rodrigues College of Engineering | 17/03/2023 | 256.00 | IBL:6729 | 672.36 | AFT1882 | 17/03/2023 | 256.00 | 17/03/2023 | BOOK | |||||||
| AFT | Fr. Agnel's C.Rodrigues College of Engineering | Fr. Agnel's C.Rodrigues College of Engineering | 17/03/2023 | 459.00 | T-932 | 672.36 | AFT2500 | 17/03/2023 | 459.00 | 17/03/2023 | BOOK | UBS |